Ley y Reglamento de la Defensoría de los Habitantes de la República /

La Defensoría de los Habitantantes de la República es un órgano adscrito al poder legislativo de Costa Rica, que se encarga de proteger los derechos e intereses de las personas, ante las actuaciones de los funcionarios del sector público que vulneren sus derechos. El presente documento contiene la l...

Description complète

Enregistré dans:
Détails bibliographiques
Collectivité auteur: Costa Rica
Format: Livre
Langue:espagnol
Sujets:
Tags: Ajouter un tag
Pas de tags, Soyez le premier à ajouter un tag!

MARC

LEADER 00000nam^a2200000^a^4500
001 000177788
005 20250521000000.0
009 20260310101725.404
037 |a Acervo ITESO - Biblioteca 
041 |a ESP 
082 |a 323. 097286  |b COS 1992 
110 |a Costa Rica 
240 1 1 |a [Leyes, etc.] 
245 1 0 |a Ley y Reglamento de la Defensoría de los Habitantes de la República /  |c Presen. de José Manuel Echandi Meza. 
264 |a San José, Costa Rica :  |b Defensoría de los Habitantes,  |c 1992 
300 |a 44 p. 
336 |a texto  |b txt  |2 rdacontenido 
337 |a sin mediación  |b n  |2 rdamedio 
338 |a volumen  |b nc  |2 rdasoporte 
520 |a La Defensoría de los Habitantantes de la República es un órgano adscrito al poder legislativo de Costa Rica, que se encarga de proteger los derechos e intereses de las personas, ante las actuaciones de los funcionarios del sector público que vulneren sus derechos. El presente documento contiene la ley y reglamento que le da vigencia. 
649 |a XX 
650 |a Burocracia -  |z Costa Rica -  |x Leyes y Reglamentos 
650 |a Responsabilidad Administrativa -  |z Costa Rica -  |x Leyes y Reglamentos 
650 |a Derecho Administrativo -  |z Costa Rica -  |x Leyes y Reglamentos 
650 |a Derecho Público -  |z Costa Rica 
650 |a Derechos Humanos -  |z Costa Rica 
910 |a Fondo General 
920 |a Impresos - Libros 
930 |a Colección General 
905 |a 101 
901 |a 0500116657  |b IT1  |c ACC  |u 20250521 
902 |a https://opac.biblio.iteso.mx/vufind/Record/000177788